000 01177nam a2200313 i 4500
003 EG-GICUC
005 20260427130413.0
008 260217s1985 ua |||fr|||| 00| 0 ara d
040 _a EG-GICUC
_bara
_c EG-GICUC
_d EG-GICUC
_erda
041 0 _aAra
082 0 4 _221
_a343.6
_bع ب . ج
092 0 4 _221
099 _aLaw1 10 343.6 ع ب . ج 1985
100 0 _aعبدالفتاح خضر
_eمؤلف.
245 1 2 _aالجريمة :
_bأحكامها العامة فى الإتجاهات المعاصرة والفقه الإسلامي /
_cتأليف الدكتور عبدالفتاح خضر.
264 3 _aالقاهرة :
_bمطابع الإدارة العامة،
_c1985.
300 _a457 ؛صفحة
_c24 سم.
336 _2rda content
_atext
337 _2rda media
_aComputer
338 _2rda carrier
_aOnline Resource
504 _a. 430-423 ببليوجرافيا: صفحات.
546 _aالنص باللغة العربية
650 1 _aعلم الإجرام
_2qrmak
650 1 _aالقانون الجنائى
_2qrmak
651 1 _2qrmak
856 4 0 _uhttps://fll.law.cu.edu.eg/fulltext/bks/B10-08373.pdf
905 _a54
942 _2ddc
_cBK
_e21
_n0
999 _c63448
_d63448